Losowe stolice azjatyckie - Statystyki

Ogólne statystyki
  • Ten quiz został rozwiązany 271 razy
  • Średni wynik to 12 z 15
Statystyki odpowiedzi
Kraj Stolica % Poprawnych
Turcja Ankara
100%
Armenia Erywań
100%
Pakistan Islamabad
100%
Izrael Jerozolima
100%
Afganistan Kabul
100%
Malediwy Male
100%
Chiny Pekin
100%
Iran Teheran
100%
Japonia Tokio
100%
Zjednoczone Emiraty Arabskie Abu Zabi
94%
Cypr Nikozja
94%
Syria Damaszek
93%
Gruzja Tbilisi
93%
Tajlandia Bangkok
92%
Indonezja Dżakarta
92%
Kuwejt Kuwejt
92%
Kazachstan Nursułtan
92%
Korea Północna Pjongjang
92%
Arabia Saudyjska Rijad
92%
Azerbejdżan Baku
91%
Jemen Sana
91%
Tajwan Tajpej
91%
Indie Nowe Delhi
89%
Wietnam Hanoi
88%
Singapur Singapur
87%
Katar Ad-Dauha
86%
Korea Południowa Seul
86%
Mongolia Ułan Bator
86%
Malezja Kuala Lumpur
83%
Bangladesz Dhaka
81%
Liban Bejrut
79%
Nepal Katmandu
79%
Filipiny Manila
79%
Irak Bagdad
78%
Tadżykistan Duszanbe
78%
Uzbekistan Taszkent
74%
Laos Wientian
73%
Bahrajn Manama
68%
Kambodża Phnom Penh
64%
Kirgistan Biszkek
62%
Timor Wschodni Dili
57%
Oman Maskat
57%
Turkmenistan Aszchabad
56%
Sri Lanka Sri Dźajawardanapura Kotte
50%
Brunei Bandar Seri Begawan
47%
Mjanma Naypyidaw
47%
Bhutan Thimphu
47%
Nie znaleziono quizów pasujących do podanych kryteriów
Rozkład punktacji
Procent ludzi z każdym wynikiem
Percentyl według liczby udzielonych odpowiedzi
Twoja historia wyników
Nie rozwiązałeś tego quizu